Método y juego: experiencias del trabajo intelectual
Bewaard in:
| Hoofdauteurs: | , , |
|---|---|
| Formaat: | Boek |
| Taal: | Spaans |
| Gepubliceerd in: |
Comodoro Rivadavia
Universidad Nacional de Entre Ríos
2002
|
| Onderwerpen: | |
| Tags: |
Voeg label toe
Geen labels, Wees de eerste die dit record labelt!
|
MARC
| LEADER | 00000nam a2200000 a 4500 | ||
|---|---|---|---|
| 001 | UCM4795 | ||
| 003 | CL-VaPUC | ||
| 008 | 020906e20020300AG |||||||||||||||||spa|d | ||
| 082 | 0 | 4 | |a 378.001 |b BRI |2 21 |
| 100 | 0 | |a Britos, María del Pilar |e author |9 471194 | |
| 700 | 0 | |a Ugalde, Mónica del Carmen |e author |9 471195 | |
| 700 | 0 | |a Baudino, Silvina Sandra |e author |9 471196 | |
| 245 | 1 | 0 | |a Método y juego: experiencias del trabajo intelectual |
| 300 | |a 155 p | ||
| 942 | |c BK | ||
| 945 | |d 20020906 00:00:00 |a vberengu | ||
| 260 | |a Comodoro Rivadavia |b Universidad Nacional de Entre Ríos |c 2002 | ||
| 650 | 0 | |a Filosofía de la educación |9 258384 | |
| 650 | 0 | |a Procesos mentales superiores |9 330839 | |
| 650 | 7 | |a CONOCIMIENTO |2 CL-VaPUC |9 308991 | |
| 583 | |a last modification |c 20190730 12:27:51 |k Rodrigo Vera | ||
| 999 | |c 301264 |d 301262 | ||
| 952 | |0 0 |1 0 |4 0 |6 378_001000000000000_BRI_2002 |7 0 |8 A |9 360060 |a FDOPOS |b FDOPOS |d 2019-11-21 |i 3841626 |o 378.001 BRI 2002 |p 3841626 |r 2025-01-22 |w 2019-11-21 |y BK |k MLA | ||